[Event "Mittelrhein-chT 1112"]
[Site "Germany"]
[Date "2011.12.18"]
[Round "6.1"]
[White "Haag, Martin"]
[Black "Loyfenfeld, Yakiv"]
[Result "1-0"]
[WhiteElo "2255"]
[BlackElo "2426"]
[PlyCount "107"]
[EventDate "2011.09.11"]
[EventType "team-tourn"]
[EventRounds "13"]
[EventCountry "GER"]
[SourceTitle "EXT 2013"]
[Source "ChessBase"]
[SourceDate "2012.11.22"]
[SourceVersion "1"]
[SourceVersionDate "2012.11.22"]
[SourceQuality "1"]
[WhiteTeam "Bonn Beuel"]
[BlackTeam "Bruehl"]
[WhiteTeamCountry "GER"]
[BlackTeamCountry "GER"]

1. c4 c5 2. g3 g6 3. Bg2 Bg7 4. Nc3 d6 5. Nf3 Nc6 6. 0-0 Nh6 7. d4 cxd4 8. Bxh6 Bxh6 9. Nxd4 Bd7 10. c5 dxc5 11. Nxc6 Bxc6 12. Bxc6+ bxc6 13. Qc2 0-0 14. Na4 Qa5 15. Nxc5 Rad8 16. Nd3 Rd6 17. b4 Qh5 18. a4 Bg7 19. Rab1 g5 20. e3 Rfd8 21. Rb3 Qg6 22. Ne1 Qe6 23. Rd3 Rxd3 24. Nxd3 Qe4 25. Rd1 Rd6 26. Qb3 h5 27. Nc5 Qf3 28. Rxd6 exd6 29. Nd3 h4 30. Qc2 Qe4 31. b5 h3 32. Ne1 Qb4 33. Nd3 Qe4 34. Ne1 Qxc2 35. Nxc2 cxb5 36. axb5 Bc3 37. Kf1 f5 38. Ke2 Kf7 39. Kd3 Be5 40. f4 gxf4 41. gxf4 Bf6 42. Nd4 Bxd4 43. exd4 Ke7 44. Kc3 Kd7 45. Kb4 Ke6 46. Kc4 Ke7 47. b6 axb6 48. Kb5 Kf6 49. Kxb6 Kg6 50. Kc6 Kh5 51. Kxd6 Kg4 52. Ke5 Kf3 53. d5 Kg2 54. d6 1-0

[Event "Regionalliga Mittelrhein 1011"]
[Site "Germany"]
[Date "2011.02.06"]
[Round "5.1"]
[White "Hoppe, Thilo"]
[Black "Loyfenfeld, Yakiv"]
[Result "0-1"]
[WhiteElo "2204"]
[BlackElo "2422"]
[PlyCount "96"]
[EventDate "2010.10.24"]
[EventType "team"]
[EventRounds "9"]
[EventCountry "GER"]
[SourceTitle "EXT 2015"]
[Source "ChessBase"]
[SourceDate "2014.11.20"]
[SourceVersion "1"]
[SourceVersionDate "2014.11.20"]
[SourceQuality "1"]
[WhiteTeam "Bonn Beuel"]
[BlackTeam "Bruehl"]
[WhiteTeamCountry "GER"]
[BlackTeamCountry "GER"]

1. d4 c5 2. d5 Nf6 3. c4 d6 4. Nc3 g6 5. e4 Bg7 6. Nf3 0-0 7. h3 e6 8. Bd3 exd5 9. cxd5 b5 10. Nxb5 Nxe4 11. 0-0 a6 12. Nc3 Nxc3 13. bxc3 Bxc3 14. Rb1 Nd7 15. Qa4 Ne5 16. Nxe5 Bxe5 17. Bh6 Bd7 18. Qc2 Re8 19. f4 Bd4+ 20. Kh2 Qf6 21. Bg5 Qg7 22. Rb7 f6 23. Bh4 Re7 24. Rfb1 Bb5 25. Rxe7 Qxe7 26. Bxb5 axb5 27. Rxb5 Qe3 28. Rb1 Ra3 29. Rf1 Qd3 30. Qxd3 Rxd3 31. Rc1 Be3 32. Rc4 Rxd5 33. Bxf6 Kf7 34. Bg5 h6 35. Bxh6 Rd3 36. Ra4 d5 37. g4 c4 38. Ra6 c3 39. Rc6 d4 40. Rc7+ Ke8 41. Kg3 Rd2 42. Bg7 c2 43. f5 g5 44. Rc8+ Kd7 45. Rc4 Bf4+ 46. Kf3 Rd3+ 47. Ke4 Rc3 48. Rxd4+ Kc6 0-1